00210nam a2200085Ia 450000500170000000800410001708200150005810000220007324500290009520251222154440.0251222s9999||||xx |||||||||||||| ||spa|| a591.38/M92 a"Muedra, Vicente" 0aZoología: Vertebrados